Արյունոտ քառուղիներով : (Record no. 506132)
[ view plain ]
| 000 -LEADER | |
|---|---|
| fixed length control field | 00762nam a2200217 a 4500 |
| 003 - CONTROL NUMBER IDENTIFIER | |
| control field | AM-YeHGA |
| 040 ## - CATALOGING SOURCE | |
| Original cataloging agency | AM-YeHGA |
| 090 ## - LOCALLY ASSIGNED LC-TYPE CALL NUMBER (OCLC); LOCAL CALL NUMBER (RLIN) | |
| -- | 509552 |
| 001 - CONTROL NUMBER | |
| control field | 001078685 |
| 005 - DATE AND TIME OF LATEST TRANSACTION | |
| control field | 20250618075858.0 |
| 008 - FIXED-LENGTH DATA ELEMENTS--GENERAL INFORMATION | |
| fixed length control field | 150512s1957 |||| |||||||||| | arm c |
| 041 0# - LANGUAGE CODE | |
| Language code of text/sound track or separate title | arm |
| 100 1# - MAIN ENTRY--PERSONAL NAME | |
| Personal name | Ատրյան, Վարդան Հովհաննեսի, |
| Dates associated with a name | 1896-1974 |
| 9 (RLIN) | 2190 |
| 245 10 - TITLE STATEMENT | |
| Title | Արյունոտ քառուղիներով : |
| Remainder of title | Վեպ / |
| Statement of responsibility, etc. | Վ. Ատրյան; Խմբ. Հարությունյան Ս. |
| 260 ## - PUBLICATION, DISTRIBUTION, ETC. | |
| Place of publication, distribution, etc. | Թբիլիսի : |
| Name of publisher, distributor, etc. | Սախելգամի, |
| Date of publication, distribution, etc. | 1957. |
| 300 ## - PHYSICAL DESCRIPTION | |
| Extent | Գ. ; |
| Dimensions | 22 սմ. |
| 505 0# - FORMATTED CONTENTS NOTE | |
| Miscellaneous information | Գիրք 1 (1957, 470 էջ) |
| -- | Գիրք 2 (1957, 472 էջ) |
| 650 14 - SUBJECT ADDED ENTRY--TOPICAL TERM | |
| Topical term or geographic name entry element | Հայ գրականություն |
| 700 1# - ADDED ENTRY--PERSONAL NAME | |
| Personal name | Հարությունյան, Ս. |
| Relator term | խմբ. |
| Relationship | edt |
| 942 ## - ADDED ENTRY ELEMENTS (KOHA) | |
| Source of classification or shelving scheme | Universal Decimal Classification |
| Koha item type | Գրքեր / Books |
| Withdrawn status | Lost status | Source of classification or shelving scheme | Damaged status | Not for loan | Collection | Home library | Current library | Date acquired | Total checkouts | Full call number | Barcode | Date last seen | Price effective from | Koha item type | Public note |
|---|---|---|---|---|---|---|---|---|---|---|---|---|---|---|---|
| Universal Decimal Classification | Kusikian Individual Collection | Fundamental Scientific Library | Fundamental Scientific Library | 13/02/2020 | Կուս/161 | FL0622319 | 13/02/2020 | 13/02/2020 | Գրքեր / Books | ILL Non-Circ. |
ՀՀ Գիտությունների ազգային ակադեմիայի հիմնարար գիտական գրադարան = Fundamental Scientific Library of NAS RA
All site content, except where otherwise noted, is licensed under a